000 00471nam a22001697a 4500
005 20250104201842.0
008 250104b |||||||| |||| 00| 0 eng d
020 _a9780143468103
041 _aEng
082 _a332.63 NAT
100 _aNat, Dhruv
245 _aThe Earnicorns Stories of Rare Profitable Unicorns: Naukri.com, Zerodha, Dream11, Zoho
260 _aHaryana
_bPenguin Business
_c2024
300 _a303
650 _aInvestment; E-Commerce
942 _cBK
999 _c43198
_d43198